[Event "Australian Open 2015"]
[Site "Sydney AUS"]
[Date "2015.01.02"]
[Round "1.1"]
[White "Braguine, Victor"]
[Black "Kazhgaleyev, Murtas"]
[Result "0-1"]
[BlackTitle "GM"]
[WhiteElo "1925"]
[BlackElo "2573"]
[WhiteFideId "3217779"]
[BlackFideId "13700316"]
[EventDate "2015.01.02"]

1. c4 e6 2. g3 d5 3. Bg2 Nf6 4. Nf3 dxc4 5. Ne5 Qd4 6. Nf3 Qc5 7. O-O Nbd7 8.
Qc2 Bd6 9. Na3 Nb6 10. b3 cxb3 11. Qxc5 Bxc5 12. axb3 Nbd5 13. d4 Bb4 14. Nd2
Bc3 15. Rb1 Bxd4 16. Bb2 Bxb2 17. Rxb2 Bd7 18. b4 Ke7 19. e4 Nb6 20. Rc1 Rhc8
21. e5 Nfd5 22. Ne4 a6 23. Nc5 Bc6 24. Nc4 Nxc4 25. Rxc4 Bb5 26. Rg4 b6 27. Ne4
g6 28. Nf6 c6 29. Nxh7 a5 30. Bxd5 exd5 31. Ng5 a4 32. Rf4 Rf8 33. Nh7 a3 34.
Ra2 Bc4 35. Ra1 Rfd8 36. Rf6 Rdc8 37. Ng5 d4 38. Ne4 Bd5 39. Nd6 Rcb8 40. f4 a2
41. f5 g5 42. Nxf7 Bxf7 43. Rxc6 Rc8 44. Rxb6 Bd5 45. Rd6 Rd8 46. Rg6 d3 47. Kf2
d2 48. Ke2 Bc4+ 49. Kd1 Bb3+ 50. Ke2 d1=Q+ 51. Rxd1 Bxd1+ 52. Ke3 Ra3+ 0-1

[Event "Australian Open 2015"]
[Site "Sydney AUS"]
[Date "2015.01.02"]
[Round "1.2"]
[White "Ni, Hua"]
[Black "Wan, Kinto"]
[Result "1-0"]
[WhiteTitle "GM"]
[WhiteElo "2689"]
[BlackElo "1948"]
[WhiteFideId "8601160"]
[BlackFideId "3209717"]
[EventDate "2015.01.02"]

1. e4 c6 2. d4 d5 3. e5 Bf5 4. h4 h6 5. g4 Be4 6. f3 Bh7 7. e6 fxe6 8. Bd3 g6 9.
g5 hxg5 10. hxg5 Bg7 11. Rxh7 Rxh7 12. Bxg6+ Kd7 13. Bxh7 Qc7 14. f4 1-0

[Event "Australian Open 2015"]
[Site "Sydney AUS"]
[Date "2015.01.02"]
[Round "1.3"]
[White "Zhao, Zong-Yuan"]
[Black "Saleh, Akef"]
[Result "1-0"]
[WhiteTitle "GM"]
[WhiteElo "2564"]
[BlackElo "1923"]
[WhiteFideId "3202534"]
[BlackFideId "3210030"]
[EventDate "2015.01.02"]

1. e4 c5 2. Nf3 d6 3. d4 cxd4 4. Nxd4 Nf6 5. Nc3 a6 6. Be3 e5 7. Nf3 Be7 8. Bc4
O-O 9. O-O Be6 10. Bb3 Qc7 11. Qe2 Nbd7 12. Bxe6 fxe6 13. Ng5 Qc8 14. Nxe6 Re8
15. Nd5 Nxd5 16. exd5 Nf8 17. Nxf8 Rxf8 18. c4 Qd7 19. a4 Rac8 20. a5 Qf5 21. f3
Bg5 22. Bb6 Qf4 23. b3 Qd2 24. Qxd2 Bxd2 25. Ra4 Bg5 26. Rd1 Bd8 27. Rb4 Bg5 28.
Rd3 Rf7 29. g3 Bc1 30. Ra4 Bg5 31. Kg2 Bd8 32. Rb4 Bg5 33. h4 Bf6 34. c5 dxc5
35. Rc4 Rd7 36. b4 Be7 37. bxc5 Kf7 38. Kf2 Bd8 39. Ke3 Be7 40. Ke4 Kf6 41. g4
h6 42. h5 Bd8 43. d6 Bxb6 44. axb6 Re8 45. Kd5 Rc8 46. Re3 Re8 47. f4 1-0

[Event "Australian Open 2015"]
[Site "Sydney AUS"]
[Date "2015.01.02"]
[Round "1.4"]
[White "Davis, Tony J AUS"]
[Black "Smerdon, David"]
[Result "0-1"]
[BlackTitle "GM"]
[WhiteElo "1922"]
[BlackElo "2519"]
[WhiteFideId "3205550"]
[BlackFideId "3202305"]
[EventDate "2015.01.02"]

1. d4 e6 2. e4 d5 3. Nc3 Nf6 4. Bg5 Bb4 5. exd5 Qxd5 6. Bxf6 Bxc3+ 7. bxc3 gxf6
8. Nf3 b6 9. Qd2 Rg8 10. Qf4 Nd7 11. Qxc7 Bb7 12. Qf4 Rc8 13. c4 Qa5+ 14. Qd2
Qa3 15. Qe3 Qb2 16. Rc1 Rg4 17. Bd3 Bxf3 18. gxf3 Rxd4 19. f4 Qc3+ 20. Ke2 Rcxc4
21. Bxc4 Qxc4+ 22. Kf3 e5 23. h3 Rxf4+ 24. Kg3 Nc5 25. f3 Ne6 26. Qd3 Qc7 27.
Qxh7 Rxf3+ 28. Kg4 Qc4+ 29. Kh5 Rf5+ 0-1

[Event "Australian Open 2015"]
[Site "Sydney AUS"]
[Date "2015.01.02"]
[Round "1.5"]
[White "Papin, Vasily"]
[Black "Tsai, Charles"]
[Result "1-0"]
[WhiteTitle "GM"]
[WhiteElo "2513"]
[BlackElo "1922"]
[WhiteFideId "4143183"]
[BlackFideId "3216497"]
[EventDate "2015.01.02"]

1. c4 e6 2. g3 d5 3. Bg2 Nf6 4. Nf3 Nbd7 5. b3 Be7 6. Bb2 O-O 7. O-O b6 8. Nc3
Bb7 9. e3 c5 10. Qe2 Rc8 11. Rfd1 Qc7 12. Nh4 Rfe8 13. cxd5 Nxd5 14. Nf5 Nxc3
15. Nxe7+ Rxe7 16. Bxc3 Bxg2 17. Kxg2 e5 18. d3 f5 19. Qf3 g6 20. Rac1 Qc6 21.
Qxc6 Rxc6 22. Kf3 Kf7 23. Ke2 Nf6 24. Bb2 Ke6 25. a3 Rd6 26. f4 exf4 27. gxf4
Kf7 28. Be5 Rde6 29. d4 cxd4 30. Bxd4 Re4 31. Kf3 Ng4 32. h3 Nxe3 33. Rd3 Nd5
34. Be5 Nf6 35. Rc6 Ne8 36. Rd1 g5 37. Rh6 Kf8 38. Rh5 h6 39. Rxh6 gxf4 40. Bxf4
Kf7 41. Rd5 Ng7 42. Bg5 R7e6 43. Rd7+ Kg8 44. Rxa7 Rxh6 45. Bxh6 Ne8 46. Be3 b5
47. Rb7 Nd6 48. Rb6 Nf7 49. Rxb5 Ne5+ 50. Kf2 Kf7 51. Rd5 Ke6 52. Rd4 1-0

[Event "Australian Open 2015"]
[Site "Sydney AUS"]
[Date "2015.01.02"]
[Round "1.6"]
[White "Lovejoy, David"]
[Black "Illingworth, Max"]
[Result "0-1"]
[BlackTitle "IM"]
[WhiteElo "1917"]
[BlackElo "2476"]
[WhiteFideId "3203506"]
[BlackFideId "3205207"]
[EventDate "2015.01.02"]

1. e4 c5 2. Nf3 e6 3. d4 cxd4 4. Nxd4 Nc6 5. Be3 Nf6 6. Nd2 d5 7. Nxc6 bxc6 8.
e5 Nd7 9. f4 Rb8 10. Nb3 c5 11. c4 d4 12. Bd2 Bb7 13. Qg4 h5 14. Qh3 Be7 15. Be2
Bh4+ 16. Kd1 g5 17. fxg5 Bxg5 18. Ba5 Qe7 19. Bc7 Bf4 20. Bf3 Rc8 21. Bd6 Bxf3+
22. Qxf3 Nxe5 23. Bxe7 Nxf3 24. Bxc5 Nxh2 25. Bxa7 Rg8 26. Nxd4 Rxg2 27. Ne2
Rd8+ 0-1

[Event "Australian Open 2015"]
[Site "Sydney AUS"]
[Date "2015.01.03"]
[Round "2.1"]
[White "Brown, Andrew"]
[Black "Ni, Hua"]
[Result "0-1"]
[WhiteTitle "IM"]
[BlackTitle "GM"]
[WhiteElo "2276"]
[BlackElo "2689"]
[WhiteFideId "3206513"]
[BlackFideId "8601160"]
[EventDate "2015.01.02"]

1. d4 Nf6 2. c4 e6 3. Nf3 d5 4. Nc3 Bb4 5. Bg5 h6 6. Bxf6 Qxf6 7. Qb3 c5 8. cxd5
exd5 9. Qxd5 Nc6 10. Qe4+ Kf8 11. O-O-O Bf5 12. Qf4 g5 13. Ne4 gxf4 14. Nxf6
cxd4 15. Ne1 Rc8 16. Nd3 Be7 17. Nh5 Ne5+ 18. Kb1 Nxd3 19. Rxd3 Rc5 20. Nxf4 Bg5
21. e3 dxe3 22. fxe3 Bxf4 23. exf4 Kg7 24. g4 Be4 25. Rg1 Rhc8 0-1

[Event "Australian Open 2015"]
[Site "Sydney AUS"]
[Date "2015.01.03"]
[Round "2.2"]
[White "Kazhgaleyev, Murtas"]
[Black "Nakauchi, Gene"]
[Result "1-0"]
[WhiteTitle "GM"]
[BlackTitle "FM"]
[WhiteElo "2573"]
[BlackElo "2213"]
[WhiteFideId "13700316"]
[BlackFideId "3200698"]
[EventDate "2015.01.02"]

1. d4 Nf6 2. c4 c5 3. d5 e6 4. Nf3 exd5 5. cxd5 d6 6. e4 g6 7. Bd3 a6 8. h3 Bg7
9. O-O O-O 10. a4 c4 11. Bc2 Nbd7 12. Nc3 Re8 13. Be3 h6 14. Qe2 Qc7 15. Nd2 Nc5
16. Qxc4 Bd7 17. e5 Rxe5 18. b4 Ne6 19. dxe6 Qxc4 20. Nxc4 Rxe6 21. Nb6 Rd8 22.
Bb3 d5 23. Rad1 Bc6 24. Ncxd5 Bxd5 25. Nxd5 Red6 26. Nxf6+ Bxf6 27. Rxd6 Rxd6
28. Rd1 1-0

[Event "Australian Open 2015"]
[Site "Sydney AUS"]
[Date "2015.01.03"]
[Round "2.3"]
[White "Liu, Yi"]
[Black "Zhao, Zong-Yuan"]
[Result "0-1"]
[BlackTitle "GM"]
[WhiteElo "2265"]
[BlackElo "2564"]
[WhiteFideId "3210588"]
[BlackFideId "3202534"]
[EventDate "2015.01.02"]

1. d4 Nf6 2. Nf3 e6 3. Bf4 b6 4. e3 Bb7 5. Bd3 Be7 6. Nbd2 Nh5 7. Bg3 c5 8. c3
Nc6 9. Qe2 Nxg3 10. hxg3 Qc7 11. Ba6 Bxa6 12. Qxa6 d5 13. O-O-O f5 14. Kb1 O-O
15. Qe2 Bf6 16. Nh2 e5 17. dxe5 Qxe5 18. Qh5 g6 19. Qh3 h5 20. g4 fxg4 21. Nxg4
Qf5+ 22. e4 Qxg4 23. Qd3 d4 24. f3 Qg5 25. Rdf1 Qe3 26. Qc4+ Kg7 0-1

[Event "Australian Open 2015"]
[Site "Sydney AUS"]
[Date "2015.01.03"]
[Round "2.4"]
[White "Smerdon, David"]
[Black "Richards, Heather S"]
[Result "1-0"]
[WhiteTitle "GM"]
[BlackTitle "WIM"]
[WhiteElo "2519"]
[BlackElo "2165"]
[WhiteFideId "3202305"]
[BlackFideId "408697"]
[EventDate "2015.01.02"]

1. e4 d6 2. Nc3 Nf6 3. f4 Bg4 4. Be2 Bxe2 5. Qxe2 c6 6. e5 dxe5 7. fxe5 Nd5 8.
e6 f6 9. Nh3 Na6 10. d4 Ndc7 11. Bf4 Qc8 12. d5 cxd5 13. Bxc7 Qxc7 14. Rd1 O-O-O
15. Rxd5 g6 16. Rxd8+ Qxd8 17. Qe3 Qa5 18. O-O Qc5 19. Qxc5+ Nxc5 20. Re1 Bh6
21. Nd5 Re8 22. b4 Na6 23. Re4 b5 24. Rh4 Bd2 25. Rd4 Bc1 26. Kf2 Bb2 27. c3 Kb7
28. Nhf4 Rd8 29. Ne2 Nc7 30. Nxc7 Rxd4 31. Nxd4 Kxc7 32. Nxb5+ Kb6 33. c4 a6 34.
Nd6 Kc7 35. Ne4 Ba3 36. b5 axb5 37. cxb5 Kb6 38. Nc3 Ka5 39. Ke3 Kb4 40. Kd3 Kc5
41. Kc2 f5 42. Kb3 Bc1 43. a4 Bf4 44. g3 Bc7 45. Ne2 g5 46. Kc3 f4 47. gxf4 gxf4
48. Kd3 Kb4 49. Nc3 Be5 50. Nd5+ Kxa4 51. Nxe7 Kxb5 52. Ng6 Bd6 53. e7 Bxe7 54.
Nxe7 1-0

[Event "Australian Open 2015"]
[Site "Sydney AUS"]
[Date "2015.01.03"]
[Round "2.5"]
[White "Hu, Jason"]
[Black "Papin, Vasily"]
[Result "1/2-1/2"]
[BlackTitle "GM"]
[WhiteElo "2138"]
[BlackElo "2513"]
[WhiteFideId "3204766"]
[BlackFideId "4143183"]
[EventDate "2015.01.02"]

1. d4 Nf6 2. c4 e6 3. Nf3 d5 4. Bg5 dxc4 5. Qa4+ Nbd7 6. Qxc4 a6 7. e3 b5 8. Qb3
c5 9. Be2 Qa5+ 10. Nc3 cxd4 11. exd4 Bb7 12. O-O Bd6 13. a3 O-O 14. Rfd1 Qc7 15.
Rac1 Qb8 16. Bh4 h6 17. Bg3 Bxg3 18. hxg3 Qd6 19. Rd2 Rab8 20. Rcd1 Rfc8 21. Bd3
Ba8 22. Bb1 b4 23. axb4 Rxb4 24. Qa3 Rb6 25. Qa4 Qb8 26. Ne5 Qb7 27. f3 Rxc3 28.
Nxd7 Nxd7 29. Be4 Rcc6 30. d5 exd5 31. Rxd5 Nf8 32. Rd8 Qe7 33. Rxa8 Rd6 34.
Rxd6 Qxd6 35. Qa3 g6 36. Bd3 Qxa3 37. bxa3 Rb3 38. Bc4 Rc3 39. Rc8 Rxa3 40. Rc7
Ne6 41. Bxe6 fxe6 42. Re7 Re3 43. Ra7 Ra3 44. Re7 a5 45. Rxe6 Kf7 46. Ra6 Ra2
47. g4 1/2-1/2

[Event "Australian Open 2015"]
[Site "Sydney AUS"]
[Date "2015.01.03"]
[Round "2.6"]
[White "Illingworth, Max"]
[Black "O'Chee, Kevin"]
[Result "1-0"]
[WhiteTitle "IM"]
[WhiteElo "2476"]
[BlackElo "2071"]
[WhiteFideId "3205207"]
[BlackFideId "3205827"]
[EventDate "2015.01.02"]

1. e4 c5 2. Nf3 d6 3. d4 cxd4 4. Nxd4 Nf6 5. Nc3 a6 6. h3 e6 7. g4 Be7 8. g5
Nfd7 9. h4 Nc6 10. Be3 Qc7 11. f4 b5 12. a3 Bb7 13. h5 Nc5 14. Bg2 O-O-O 15. Qg4
Kb8 16. O-O-O Rc8 17. Kb1 Nxd4 18. Bxd4 Nxe4 19. Rhe1 f5 20. gxf6 Nxc3+ 21. Bxc3
Bxf6 22. Bxb7 Kxb7 23. Qg2+ Qc6 24. Qxc6+ Rxc6 25. Bxf6 gxf6 26. Rxe6 d5 27.
Re7+ Rc7 28. Rxc7+ Kxc7 29. Rxd5 Re8 30. b3 Kc6 31. Rf5 Re6 32. Kb2 Kd7 33. Kc3
Rc6+ 34. Kb4 Ke6 35. Rc5 Rd6 36. Ka5 f5 37. c3 Kf6 38. Rc7 Re6 39. Rxh7 Re4 40.
Kxa6 Rxf4 41. Kxb5 Rh4 42. Rh8 Kg7 43. Re8 f4 44. c4 f3 45. Re1 Rxh5+ 46. c5 Kf6
47. Rf1 Rf5 48. Kb6 Ke7 49. Rf2 Kd8 50. b4 Kc8 51. Kc6 1-0

[Event "Australian Open 2015"]
[Site "Sydney AUS"]
[Date "2015.01.03"]
[Round "3.1"]
[White "Ni, Hua"]
[Black "Ryjanova, Julia"]
[Result "1-0"]
[WhiteTitle "GM"]
[BlackTitle "WGM"]
[WhiteElo "2689"]
[BlackElo "2413"]
[WhiteFideId "8601160"]
[BlackFideId "4127714"]
[EventDate "2015.01.02"]

1. e4 c5 2. Nf3 g6 3. c3 Bg7 4. d4 cxd4 5. cxd4 d5 6. e5 Nh6 7. h3 O-O 8. Nc3
Nc6 9. Bb5 Na5 10. O-O a6 11. Bd3 Bf5 12. Re1 Bxd3 13. Qxd3 Rc8 14. Bf4 Kh8 15.
b3 Nc6 16. Na4 Nf5 17. g4 Nh6 18. Rac1 Ng8 19. Nc5 b6 20. Nxa6 Bh6 21. Bxh6 Nxh6
22. Qd2 Kg7 23. Nb4 Nxb4 24. Qxb4 Qd7 25. e6 fxe6 26. Rxc8 Qxc8 27. Ng5 Re8 28.
Qxb6 Qc3 29. Qxe6 Qxd4 30. Qd7 Qb4 31. Re3 d4 32. Ne6+ Kf6 33. Rf3+ Ke5 34. Nc7 1-0

[Event "Australian Open 2015"]
[Site "Sydney AUS"]
[Date "2015.01.03"]
[Round "3.2"]
[White "Jones, Richard S."]
[Black "Kazhgaleyev, Murtas"]
[Result "0-1"]
[WhiteTitle "IM"]
[BlackTitle "GM"]
[WhiteElo "2414"]
[BlackElo "2573"]
[WhiteFideId "1800833"]
[BlackFideId "13700316"]
[EventDate "2015.01.02"]

1. e4 c6 2. d4 d5 3. Nc3 dxe4 4. Nxe4 Bf5 5. Ng3 Bg6 6. h4 h6 7. Nf3 e6 8. Ne5
Bh7 9. Bd3 Bxd3 10. Qxd3 Nd7 11. f4 Bb4+ 12. c3 Bd6 13. Qe2 Qc7 14. Bd2 Ngf6 15.
O-O-O O-O 16. Ne4 Nxe4 17. Qxe4 f5 18. Qe2 Nf6 19. Qc4 Rfe8 20. h5 Bxe5 21. fxe5
Ng4 22. Qe2 c5 23. Kb1 Rad8 24. Be3 Qc6 25. Bg1 b5 26. Rh3 c4 27. Re1 a5 28. Rc1
Rd5 29. Rg3 Rb8 30. Be3 Rd7 31. Bd2 Kh8 32. Rf1 b4 33. Ka1 Qd5 34. Qe1 Rbd8 35.
Qc1 Kh7 36. Bf4 bxc3 37. bxc3 Rb7 38. Qc2 Rdb8 39. Qa4 Qe4 0-1

[Event "Australian Open 2015"]
[Site "Sydney AUS"]
[Date "2015.01.03"]
[Round "3.3"]
[White "Zhao, Zong-Yuan"]
[Black "Morris, James"]
[Result "1/2-1/2"]
[WhiteTitle "GM"]
[BlackTitle "IM"]
[WhiteElo "2564"]
[BlackElo "2378"]
[WhiteFideId "3202534"]
[BlackFideId "3205800"]
[EventDate "2015.01.02"]

1. Nf3 Nf6 2. c4 e6 3. g3 d5 4. Bg2 dxc4 5. Qa4+ Nbd7 6. Qxc4 a6 7. Qc2 Be7 8.
O-O O-O 9. d4 Ra7 10. Rd1 c5 11. Nc3 b5 12. Bg5 Qb6 13. a4 h6 14. Bxf6 Bxf6 15.
dxc5 Nxc5 16. axb5 Rc7 17. bxa6 Bxa6 18. Ra3 Rb8 19. Rb1 Qb4 20. Nd2 Rcc8 21.
Bf3 g6 22. Qd1 Bg7 23. Na2 Qb6 24. b4 Nd7 25. Nc4 Bxc4 26. Qxd7 Rd8 27. Qc6 Qxc6
28. Bxc6 Rd2 29. Nc3 Rc2 30. Ne4 Bxe2 31. Ba4 Rc4 32. Nd6 Rcxb4 33. Rxb4 Rxb4
34. Bc2 Bf8 35. Ra8 Bf3 36. Rc8 Rb6 37. Be4 Bxe4 38. Nxe4 Kg7 39. Nf6 Rb1+ 40.
Kg2 Kxf6 41. Rxf8 h5 42. h4 e5 43. Kf3 Ke6 44. Ke3 f6 45. Kf3 Kf5 46. Ke3 Rb3+
47. Ke2 Rb6 48. Kf3 e4+ 49. Ke3 Rb3+ 50. Ke2 Rd3 51. Rf7 1/2-1/2

[Event "Australian Open 2015"]
[Site "Sydney AUS"]
[Date "2015.01.03"]
[Round "3.4"]
[White "Johansen, Darryl K."]
[Black "Smerdon, David"]
[Result "1/2-1/2"]
[WhiteTitle "GM"]
[BlackTitle "GM"]
[WhiteElo "2404"]
[BlackElo "2519"]
[WhiteFideId "3200035"]
[BlackFideId "3202305"]
[EventDate "2015.01.02"]

1. Nf3 d5 2. g3 e6 3. Bg2 f5 4. O-O Nf6 5. d3 Bc5 6. c4 c6 7. b3 O-O 8. d4 Bd6
9. Ba3 Bxa3 10. Nxa3 Qd6 11. Qc1 Nbd7 12. e3 b6 13. Qb2 Ne4 14. Rac1 a5 15. Rfd1
Ba6 16. Nb1 b5 17. cxb5 cxb5 18. Ne5 Nxe5 19. dxe5 Qe7 20. Nc3 Rfc8 1/2-1/2

[Event "Australian Open 2015"]
[Site "Sydney AUS"]
[Date "2015.01.03"]
[Round "3.5"]
[White "Bjelobrk, Igor"]
[Black "Illingworth, Max"]
[Result "0-1"]
[WhiteTitle "IM"]
[BlackTitle "IM"]
[WhiteElo "2361"]
[BlackElo "2476"]
[WhiteFideId "4300726"]
[BlackFideId "3205207"]
[EventDate "2015.01.02"]

1. Nf3 d5 2. d4 Nf6 3. c4 e6 4. cxd5 exd5 5. g3 c6 6. Nc3 Be7 7. Bg2 O-O 8. O-O
Bf5 9. Nh4 Be6 10. Qc2 Re8 11. Bf4 Nh5 12. Nf5 Nxf4 13. Nxe7+ Qxe7 14. gxf4 Qf6
15. e3 Nd7 16. Kh1 Nb6 17. Rg1 Nc4 18. Rac1 Nd6 19. Bf3 Bf5 20. Qe2 Re6 21. Bg4
Kh8 22. Bxf5 Nxf5 23. Qf3 Rg8 24. Na4 Qe7 25. Nc3 Qb4 26. b3 Nd6 27. Rc2 a5 28.
Qd1 Rge8 29. Qd3 Qb6 30. Rcc1 Qd8 31. Rg5 Rg6 32. Rcg1 Qd7 33. R1g2 Qe7 34. a4
Rxg5 35. Rxg5 Qd7 36. Qd1 g6 37. Rg1 Qc7 38. Qc2 Qb6 39. Rg2 Nf5 40. Rg1 Ra8 41.
Rg5 Qb4 42. Rg1 Nd6 43. Rb1 Kg7 44. Qd3 Ra6 45. Qc2 Ne8 46. Na2 Qe7 47. Nc3 Rb6
48. Rd1 Qa3 49. Rb1 Nf6 50. Kg2 Qe7 51. Kh1 Ng4 52. Rg1 Qh4 53. Rg2 Qh3 54. Qd1
Nf6 55. Rg3 Qe6 56. Qc2 Kf8 57. Rg1 Nd7 58. Rg5 Ra6 59. Qd3 Ra8 60. Rg1 Nb8 61.
Rg5 Na6 62. Qe2 Nb4 63. Re5 Qh3 64. Rg5 h6 65. Rg1 Qf5 66. Qd1 Re8 67. Qb1 Qf6
68. Rg2 Re7 69. Na2 Na6 70. Nc3 Ke8 71. Rg1 Qe6 72. Qd1 Nb4 73. Qb1 Rc7 74. Qd1
Qh3 75. Qe2 Qf5 76. Kg2 Kd8 77. h3 Re7 78. Kh2 Kc7 79. Qd2 Kd7 80. Na2 Nxa2 81.
Qxa2 g5 82. fxg5 hxg5 83. Qe2 Re4 84. Rg4 Re6 85. Rg3 f6 86. Qd2 b6 87. Qe2 Kc7
88. Rg1 Kb7 89. Kg2 Qe4+ 90. Qf3 Qd3 91. Qd1 Qg6 92. Kh2 Re7 93. Qg4 Qc2 94. Kg2
Qxb3 95. Qf5 Qxa4 96. Qxf6 Qb4 97. Qxg5 a4 98. h4 Rf7 99. h5 Qf8 100. Qh4 Rg7+
101. Kf1 Rxg1+ 102. Kxg1 a3 0-1

[Event "Australian Open 2015"]
[Site "Sydney AUS"]
[Date "2015.01.03"]
[Round "3.6"]
[White "Khusnutdinov, Rustam"]
[Black "Li, Zuhao Luke"]
[Result "1/2-1/2"]
[WhiteTitle "GM"]
[BlackTitle "FM"]
[WhiteElo "2476"]
[BlackElo "2337"]
[WhiteFideId "13701703"]
[BlackFideId "4303431"]
[EventDate "2015.01.02"]

1. e4 e5 2. Nc3 Nf6 3. g3 Bc5 4. Bg2 Nc6 5. Nge2 a6 6. d3 d6 7. O-O Nd4 8. h3
Be6 9. Nxd4 Bxd4 10. Ne2 Ba7 11. d4 Qd7 12. Kh2 Bc4 13. c3 exd4 14. cxd4 Bxe2
15. Qxe2 Bxd4 16. e5 dxe5 17. Bxb7 Rb8 18. Bxa6 O-O 19. Rb1 Nd5 20. Be3 c5 21.
Bxd4 exd4 22. Bc4 Rfe8 23. Qd3 Re7 24. Rbe1 Nb6 25. Bb5 Qd6 26. b3 Nd5 27. Bc4
Nb4 28. Qd2 Rbe8 29. Rxe7 Rxe7 30. Re1 g6 31. Rxe7 Qxe7 32. Kg1 Kg7 33. a3 Nc6
34. Qe2 Qf6 35. Bd5 Ne5 36. f4 Nd7 37. a4 Qf5 38. Qg2 Nf6 39. Bc4 Qb1+ 40. Qf1
Qc2 41. Qe2 Qc3 42. Kf2 Nh5 43. Qf3 Qc2+ 44. Qe2 Qc3 45. Qf3 Qc2+ 46. Qe2 Qc3
47. Qf3 1/2-1/2

[Event "Australian Open 2015"]
[Site "Sydney AUS"]
[Date "2015.01.03"]
[Round "3.7"]
[White "Wallis, Christopher"]
[Black "Ly, Moulthun"]
[Result "1/2-1/2"]
[WhiteTitle "FM"]
[BlackTitle "IM"]
[WhiteElo "2348"]
[BlackElo "2460"]
[WhiteFideId "3204839"]
[BlackFideId "3204405"]
[EventDate "2015.01.02"]

1. d4 Nf6 2. c4 e6 3. Nc3 Bb4 4. e3 O-O 5. Bd3 d5 6. Nf3 b6 7. cxd5 exd5 8. O-O
Bb7 9. Qc2 a6 10. Ne5 Nbd7 11. f4 c5 12. a3 cxd4 13. exd4 Bxc3 14. Qxc3 Ne4 15.
Qb3 Ndf6 16. f5 b5 17. a4 Qb6 18. Be3 Rfe8 19. a5 Qd8 20. Bf4 Rc8 21. Rae1 Nd6
22. Bg5 Nc4 23. Ng4 Rxe1 24. Rxe1 Qxa5 25. Nxf6+ gxf6 26. Bh4 Qd2 27. Bxc4 Qxd4+
28. Bf2 Qxc4 29. Qg3+ Kh8 30. b3 Qb4 31. h3 Ba8 32. Rd1 Rg8 33. Qd3 Qe4 1/2-1/2

[Event "Australian Open 2015"]
[Site "Sydney AUS"]
[Date "2015.01.03"]
[Round "3.8"]
[White "Canfell, Gregory"]
[Black "Smirnov, Anton"]
[Result "1-0"]
[WhiteTitle "FM"]
[BlackTitle "IM"]
[WhiteElo "2331"]
[BlackElo "2432"]
[WhiteFideId "3200418"]
[BlackFideId "3208923"]
[EventDate "2015.01.02"]

1. e4 c5 2. Nc3 d6 3. Nge2 Nf6 4. g3 g6 5. Bg2 Nc6 6. d3 Bg7 7. h3 Rb8 8. Be3 b5
9. Qd2 b4 10. Nd1 h5 11. f4 Qc7 12. O-O Bd7 13. Kh1 a5 14. Rc1 Qc8 15. Nf2 Be6
16. c4 bxc3 17. bxc3 c4 18. Nd4 cxd3 19. e5 Nxe5 20. fxe5 dxe5 21. Nxe6 Qxe6 22.
Nxd3 O-O 23. c4 Rfd8 24. Qe2 Nd7 25. Kh2 Qa6 26. Nc5 Nxc5 27. Bxc5 Rd7 28. Rb1
Rbd8 29. Rb6 Qc8 30. Be3 e6 31. c5 h4 32. gxh4 e4 33. Bxe4 Bd4 34. Bxd4 Rxd4 35.
Qf3 f5 36. Bc6 Qc7+ 37. Qg3 Qxg3+ 38. Kxg3 Rc4 39. Rb5 a4 40. Bg2 e5 41. h5 Rd3+
42. Kh2 Rd2 43. Rb6 f4 44. Rxg6+ Kf7 45. c6 Rxa2 46. Kg1 Rd2 47. Rb1 a3 48. Rb7+
Kf8 49. Rf6+ Kg8 50. h6 Rc1+ 51. Kh2 Rd8 52. Rg7+ Kh8 53. Rff7 1-0

[Event "Australian Open 2015"]
[Site "Sydney AUS"]
[Date "2015.01.04"]
[Round "4.1"]
[White "Yap, Kim Steven"]
[Black "Ni, Hua"]
[Result "0-1"]
[WhiteTitle "IM"]
[BlackTitle "GM"]
[WhiteElo "2416"]
[BlackElo "2689"]
[WhiteFideId "5202809"]
[BlackFideId "8601160"]
[EventDate "2015.01.02"]

1. e4 c5 2. b3 g6 3. Bb2 Nf6 4. e5 Nd5 5. g3 Bg7 6. Bg2 Nc7 7. Qe2 Nc6 8. f4 d6
9. d3 O-O 10. Nd2 Nd4 11. Bxd4 cxd4 12. Ngf3 Nd5 13. Nc4 b5 14. Nxd4 bxc4 15.
Nc6 Qc7 16. Bxd5 Bb7 17. Qg2 dxe5 18. O-O e4 19. Bxe4 Bxa1 20. Rxa1 cxd3 21.
cxd3 Bxc6 22. Bxc6 Rad8 23. Be4 Qc5+ 24. Kh1 f5 25. Bf3 Rxd3 26. Be2 Qc3 27. Rf1
Rd2 28. Bc4+ Kh8 0-1

[Event "Australian Open 2015"]
[Site "Sydney AUS"]
[Date "2015.01.04"]
[Round "4.2"]
[White "Kazhgaleyev, Murtas"]
[Black "Canfell, Gregory"]
[Result "1-0"]
[WhiteTitle "GM"]
[BlackTitle "FM"]
[WhiteElo "2573"]
[BlackElo "2331"]
[WhiteFideId "13700316"]
[BlackFideId "3200418"]
[EventDate "2015.01.02"]

1. d4 Nf6 2. c4 g6 3. Nc3 Bg7 4. e4 d6 5. Nf3 O-O 6. Be2 e5 7. O-O c6 8. Qc2 Re8
9. Rd1 exd4 10. Nxd4 Qe7 11. f3 Nbd7 12. Bg5 h6 13. Bh4 Ne5 14. Bf1 Be6 15. b3
g5 16. Bf2 Nh5 17. Qd2 Nf4 18. Kh1 a6 19. Rac1 Rad8 20. g3 Nh3 21. Be3 Bc8 22.
Bg2 Qf6 23. Rf1 Qg6 24. Rce1 g4 25. f4 h5 26. Nf5 Nf3 27. Bxf3 gxf3 28. Nxg7
Qxg7 29. Bd4 Qg4 30. Bf6 Rd7 31. f5 f2 32. Re3 b5 33. Qd3 b4 34. Nd1 c5 35. Nxf2
Nxf2+ 36. Rxf2 Bb7 37. Rf4 Qh3 38. Kg1 1-0

[Event "Australian Open 2015"]
[Site "Sydney AUS"]
[Date "2015.01.04"]
[Round "4.3"]
[White "Illingworth, Max"]
[Black "Schon, Eugene"]
[Result "1-0"]
[WhiteTitle "IM"]
[BlackTitle "FM"]
[WhiteElo "2476"]
[BlackElo "2318"]
[WhiteFideId "3205207"]
[BlackFideId "3205690"]
[EventDate "2015.01.02"]

1. c4 Nf6 2. Nf3 e6 3. Nc3 d5 4. d4 dxc4 5. e4 Bb4 6. Bg5 c5 7. Bxc4 cxd4 8.
Nxd4 Bxc3+ 9. bxc3 Qa5 10. Bb5+ Bd7 11. Bxf6 gxf6 12. Bxd7+ Nxd7 13. O-O a6 14.
Rb1 Qc7 15. Qh5 Nc5 16. Qh4 O-O-O 17. Rfe1 Rhg8 18. Qxf6 Rg4 19. Nf5 Kb8 20. Ng3
Rf4 21. Qg5 h6 22. Qxh6 Nd3 23. Red1 Qe5 24. Qh5 Qxh5 25. Nxh5 Rxe4 26. Rd2 Rh4
27. Ng3 Rd5 28. Nf1 Nf4 29. Rdb2 Rd7 30. g3 Rg4 31. Ne3 Rg7 32. c4 Nd3 33. Rd2
f5 34. Rbd1 Ne5 35. Rxd7 Nxd7 36. f3 Ne5 37. Kf2 Kc7 38. h4 Rh7 39. Rh1 Kd6 40.
h5 Ke7 41. f4 Nd3+ 42. Kf3 Kf6 43. Rd1 Nc5 44. g4 fxg4+ 45. Nxg4+ Kf5 46. Ne3+
Kf6 47. Ng4+ Kf5 48. h6 Nd7 49. Rh1 Kg6 50. Rd1 Kf5 51. Rd6 Nf8 52. Rd8 Ng6 53.
Rc8 b6 54. Rb8 Nh4+ 55. Kg3 Ng6 56. Rg8 e5 57. fxe5 Nxe5 58. Rg7 Rh8 59. Nxe5
Kxe5 60. h7 Kd4 61. Rc7 a5 62. Kf4 a4 63. Kf5 Kc3 64. Kg6 Kb2 65. Kg7 Rb8 66.
h8=Q Rxh8 67. Kxh8 Kxa2 68. Rb7 Kb3 69. c5 1-0